Normal view
MARC view
Entry Personal Name
001 - CONTROL NUMBER
- control field: 207757
003 - CONTROL NUMBER IDENTIFIER
- control field: OSt
005 - DATE AND TIME OF LATEST TRANSACTION
- control field: 20250407112932.0
008 - FIXED-LENGTH DATA ELEMENTS
- fixed length control field: 250407|| aca||aabn | a|a d
040 ## - CATALOGING SOURCE
- Original cataloging agency: OSt
- Transcribing agency: OSt
100 ## - HEADING--PERSONAL NAME
- Personal name: Debashis Chatterjee
670 ## - SOURCE DATA FOUND
- Source citation: Work cat.: (OSt)233544: Debashis Chatterjee , Class Act: Learn Teach Be , 2014